Diseño del proceso productivo de hisopos nasofaríngeos para la empresa PROLEX S.A según los lineamientos de la norma INTE/ISO 13485:2016 y los requisitos de la Administración de Alimentos y Medicamentos de los Estados Unidos (FDA) y la Unión Europea (UE)
Gespeichert in:
| 1. Verfasser: | |
|---|---|
| Weitere Verfasser: | , |
| Format: | Buch |
| Sprache: | Spanish |
| Veröffentlicht: |
[San José, Costa Rica]
2022
|
| Schlagworte: | |
| Tags: |
Tag hinzufügen
Keine Tags, Fügen Sie den ersten Tag hinzu!
|
MARC
| LEADER | 00000nam a2200000Ia 4500 | ||
|---|---|---|---|
| 003 | 013814 | ||
| 005 | 20240320081328.0 | ||
| 008 | 140114s2022 cr a 000 ||spa d | ||
| 040 | |c cru CEDI | ||
| 100 | |a Rodríguez Obando, Ana Paula, 1997- |9 2723 | ||
| 245 | |a Diseño del proceso productivo de hisopos nasofaríngeos para la empresa PROLEX S.A según los lineamientos de la norma INTE/ISO 13485:2016 y los requisitos de la Administración de Alimentos y Medicamentos de los Estados Unidos (FDA) y la Unión Europea (UE) | ||
| 260 | |a [San José, Costa Rica] |c 2022 | ||
| 500 | |a Proyecto de graduación (licenciatura en ingeniería industrial)--Universidad de Costa Rica. Facultad de Ingeniería. Escuela de Ingeniería Industrial | ||
| 501 | |a Directora de Proyecto de Graduación: Inga. Ileana Aguilar Mata | ||
| 650 | |x PROCESOS DE MANUFACTURA - CONTROL DE CALIDAD |x PROCESOS DE MANUFACTURA - EVALUACION |x MEDICINA - APARATOS E INSTRUMENTOS |x GESTION INDUSTRIAL |x GESTION EMPRESARIAL |x PLANIFICACION ESTRATEGICA | ||
| 700 | |a Tenorio Villalobos, Michelle Jinnessa, 1998- |9 2724 | ||
| 700 | |a Aguilar Mata, Ileana, 1961- |d Directora del TFG |9 35 | ||
| 942 | |c TFG |h TFG 8955 |i 013814 |6 TFG_8955_013814000000000 | ||
| 999 | |c 12775 |d 12775 | ||
